000 00592nam a2200277Ia 4500
005 20260401122444.0
008 008 250103s9999 xx 000 0 eng d
020 _a9781137013934
037 _aTB
040 _aEDL
040 _beng
040 _cEDL
041 _2eng
041 _aeng
084 _a306.43ASH
084 _qEDL
245 0 _aCultural work and higher education
260 _aLondon
260 _bPalgrave MacMillan
260 _c2013
300 _a271p
942 _cTB
942 _h306.43ASH
999 _c1847399
_d1847399